Score 0/21 Timer 03:00
1 Play Today
Clue 2, 3, 4, or 5-Letter Word % Correct
Queen song: 'We ___ the Champions'ARE
95.1%
You must pass this to earn $200GO
90.2%
Second layer of consciousness that regulates libidinal urgesEGO
88.2%
Lowest layer of consciousness that expresses primal desiresID
87.2%
Appendage with a handARM
86.5%
To set the sights of a rifle on an objectAIM
86%
A pair of singersDUET
85.4%
The measured duration of a lifespanAGE
81.8%
Has toMUST
81.4%
Particles that collect on surfacesDUST
81.3%
Give a hand toAID
80.3%
Clue 2, 3, 4, or 5-Letter Word % Correct
A term for a time generally before the presentAGO
79.5%
One of Jupiter's moonsIO
79.1%
Atomized water dropletsMIST
76.4%
Animal fat set out for birdsSUET
68.5%
One who brings a case to civil courtSUER
65.2%
Freud theorized this is composed of three inter-working psychic layersMIND
64.4%
Brand new, out of the packageMINT
63.7%
___-ocean ridgeMID
62.5%
Top layer of consciousness when placed before [rung 4]; it is the interpretive side of the psycheSUPER
61%
Early Mesopotamian civilizationSUMER
36.4%

Today's Daily Dose

Remove Ads.
Support Sporcle.
Get the best of Sporcle when you Go Orange. This ad-free experience offers more features, more stats, and more fun while also helping to support Sporcle. Thank you for becoming a member.

You're not logged in!

Compare scores with friends on all Sporcle quizzes.
OR
Log In

Show Comments

Extras

Top Quizzes Today


Score Distribution

Your Account Isn't Verified!

In order to create a playlist on Sporcle, you need to verify the email address you used during registration. Go to your Sporcle Settings to finish the process.

Report this User

Report this user for behavior that violates our Community Guidelines.

Details: